00400 2200157 4500001002100000008004100021035002000062245003600082100001400118260003200132300002200164020002200186084001400208082000800222990001200230INLIS000000000002811 IND  a0010-0925000158 aBila Aku Jatuh CintacDien Ilmi aDien Ilmi aJakartabRumah Oranyec2014 a236c(13 x 19 cm) a978-602-1588-73-4 a813 DIE b a813 a0755033